Investigación participativa.

Salvato in:
Dettagli Bibliografici
Autore principale: Fals Borda, Orlando (autor)
Altri autori: Rodrigues Brandao, Carlos (autor) (autor)
Natura: Libro
Lingua:spagnolo
Soggetti:
Tags: Aggiungi Tag
Nessun Tag, puoi essere il primo ad aggiungerne!!

MARC

LEADER 00000nam^a2200000^u^4500
001 000496284
005 20250521000000.0
008 060308s1000^^^^^^^^^^^^r^^^^^000^0^spa^d
009 20260526150921.02
035 |a FCE 000039750 
037 |a Acervo ITESO - Biblioteca 
041 |a spa 
082 0 4 |a 374.0072  |b FALi 
100 |a Fals Borda, Orlando  |e (autor) 
245 1 0 |a Investigación participativa. 
264 |a Montevideo :  |b Instituto del hombre : Edicaciones de la Banda Oriental,  |c 1986. 
300 |a 73 p. 
336 |a texto  |b txt  |2 rdacontenido 
337 |a sin mediación  |b n  |2 rdamedio 
338 |a volumen  |b nc  |2 rdasoporte 
649 |a XX 
650 |a Educación de adultos 
650 |a Investigación participativa 
650 |a Encuentro 
650 |a Uruguay 
700 |a Rodrigues Brandao, Carlos  |e (autor) 
910 |a Fondo Centro de Estudios Educativos 
920 |a Impresos - Libros 
930 |a Fondos Especiales 
905 |a 133 
901 |a ALE039824  |b IT2  |c CEE  |u 20250521 
902 |a https://opac.biblio.iteso.mx/vufind/Record/000496284